Gewerkschaften : Analysen, Theorie und Politik /

Bibliographic Details
Other Authors: Teichmann, Ulrich, 1942-
Format: Book
Language:German
Published: Darmstadt : Wissenschaftliche Buchgesellschaft, 1981.
Series:Wege der Forschung ; Bd. 568.
Subjects:

MARC

Tag First Indicator Second Indicator Subfields
LEADER 00000cam a2200000 a 4500
001 in00000074983
005 20151008060236.0
008 811229s1981 gw b 00100 ger
010 |a  81137925  
015 |a GFR81-A 
019 |a 8011013 
020 |a 3534081730 :  |c DM79.00 
035 |a (OCoLC)07652319 
035 |9 AAJ5376AM 
039 0 |a 2  |b 3  |c 3  |d 3  |e 3 
040 |a DLC  |c DLC  |d TXA  |d UtOrBLW 
043 |a e-gw--- 
049 |a TXAM  |c [1196432] 
050 0 0 |a HD6483  |b .G43 
082 0 |a 331.88  |2 19 
245 0 0 |a Gewerkschaften :  |b Analysen, Theorie und Politik /  |c herausgegeben von Ulrich Teichmann. 
264 1 |a Darmstadt :  |b Wissenschaftliche Buchgesellschaft,  |c 1981. 
300 |a vi, 387 pages ;  |c 20 cm. 
336 |a text  |b txt  |2 rdacontent 
337 |a unmediated  |b n  |2 rdamedia 
338 |a volume  |b nc  |2 rdacarrier 
490 1 |a Wege der Forschung,  |v Bd. 568 
500 |a Includes index. 
504 |a Bibliography: pages [367]-383. 
650 0 |a Labor unions. 
650 0 |a Labor unions  |z Germany (West) 
700 1 |a Teichmann, Ulrich,  |d 1942- 
830 0 |a Wege der Forschung ;  |v Bd. 568. 
999 |a MARS 
999 f f |s c6531ca6-bcc7-335c-b993-02c3d3e8b89e  |i 5cd07707-37df-3782-adda-30a2e32d19b2  |t 0 
952 f f |p ric  |a Texas A&M University  |b Rellis Campus  |c Joint Library Facility  |d Remote Storage  |t 0  |e HD6483 .G43  |h Library of Congress classification  |i unmediated -- volume  |m A14806128578 
998 f f |a HD6483 .G43  |t 0  |l Remote Storage